| 000 -LEADER |
| fixed length control field |
01496nam a22001577a 4500 |
| 008 - FIXED-LENGTH DATA ELEMENTS--GENERAL INFORMATION |
| fixed length control field |
230302b ||||| |||| 00| 0 eng d |
| 100 ## - MAIN ENTRY--PERSONAL NAME |
| Personal name |
Godlewska, Małgorzata and Pilewicz, Tomasz |
| 245 ## - TITLE STATEMENT |
| Title |
Entrepreneurial activities of local governments in their investment attractiveness context – evidence from Poland |
| 260 ## - PUBLICATION, DISTRIBUTION, ETC. (IMPRINT) |
| Place of publication, distribution, etc |
Local Government Studies |
| 300 ## - PHYSICAL DESCRIPTION |
| Extent |
48(3), Jun, 2022: p.432-456 |
| 520 ## - SUMMARY, ETC. |
| Summary, etc |
This paper explores the phenomena of entrepreneurial activities of local governments such as the availability of local zoning plans, entrepreneurship support programmes or promotion of investments’ benefits in specific locations. The investigation is based on a research sample of 329 local regions from Poland selected in stratified random sampling. However, only 114 local governments (formal authorities of local regions) who responded to the mystery stakeholder communication are subject to a more detailed analysis. The findings show the differences in the potential investment attractiveness of local regions with different levels of entrepreneurial activities of local government. Moreover, local governments with higher potential investment attractiveness engage more in entrepreneurial activities.- Reproduced |
| 650 ## - SUBJECT ADDED ENTRY--TOPICAL TERM |
| Topical term or geographic name as entry element |
investment attractiveness, Entrepreneurial activities, local governments, Local regions, Entrepreneurship, Potential investment attractiveness. |
| 9 (RLIN) |
36276 |
| 773 ## - HOST ITEM ENTRY |
| Main entry heading |
Local Government Studies |
| 906 ## - LOCAL DATA ELEMENT F, LDF (RLIN) |
| Subject DIP |
ENTREPRENEURSHIP |
| 942 ## - ADDED ENTRY ELEMENTS (KOHA) |
| Item type |
Articles |